| 000 | 00420cam a22000977a 4500 | ||
|---|---|---|---|
| 008 | 180718b1960 xxu||||| |||| 00| 0 eng d | ||
| 082 | _aU61 ESIC/I | ||
| 245 |
_aEmployess, state insurance corporation _cby Director-General Employees' State Insurance Corporation, |
||
| 260 |
_aNew Delhi _bDirector-General Employees' State Insurance Corporation _c1960 |
||
| 700 | _aIndia.Director-General Employees' State Insurance Corporation, | ||
| 999 |
_c498313 _d498313 |
||